| Tag |
First Indicator |
Second Indicator |
Subfields |
| LEADER |
00000cam a2200000 i 4500 |
| 001 |
in00000320366 |
| 005 |
20151010160142.0 |
| 008 |
780825s1978 enk b 00110 eng |
| 010 |
|
|
|a 78311569
|
| 015 |
|
|
|a GB***
|
| 020 |
|
|
|a 0333226917 :
|c 10.00.
|
| 020 |
|
|
|a 0333226925 (pbk.)
|
| 035 |
|
|
|a (OCoLC)04040569
|
| 035 |
|
|
|9 ABJ4264AM
|
| 040 |
|
|
|a DLC
|c DLC
|d TXA
|d UtOrBLW
|
| 043 |
|
|
|a e-uk---
|
| 049 |
|
|
|a TXAM
|c [1495284]
|
| 050 |
0 |
0 |
|a LC116.G7
|b T36
|
| 082 |
0 |
|
|a 379.41
|
| 100 |
1 |
|
|a Tapper, Ted.
|
| 245 |
1 |
0 |
|a Education and the political order :
|b changing patterns of class control /
|c Ted Tapper and Brian Salter.
|
| 264 |
|
1 |
|a London :
|b Macmillan,
|c 1978.
|
| 300 |
|
|
|a xiii, 250 pages ;
|c 22 cm.
|
| 336 |
|
|
|a text
|b txt
|2 rdacontent
|
| 337 |
|
|
|a unmediated
|b n
|2 rdamedia
|
| 338 |
|
|
|a volume
|b nc
|2 rdacarrier
|
| 504 |
|
|
|a Includes bibliographical references and index.
|
| 650 |
|
0 |
|a Education and state
|z Great Britain.
|
| 650 |
|
0 |
|a Education
|x Political aspects.
|
| 700 |
1 |
|
|a Salter, Brian,
|d 1946-
|
| 999 |
|
|
|a MARS
|
| 999 |
f |
f |
|s 507dbd2f-7b3e-3cd8-b4bc-750f5211ee4f
|i 7baf141a-15de-32ad-8cf4-96769f3891c7
|t 0
|
| 952 |
f |
f |
|p normal
|a Texas A&M University
|b College Station
|c Sterling C. Evans Library
|d Evans: Library Stacks
|t 0
|e LC116.G7 T36
|h Library of Congress classification
|i unmediated -- volume
|m A14803309248
|
| 998 |
f |
f |
|a LC116.G7 T36
|t 0
|l Evans: Library Stacks
|